000
00289nam a22001337a 4500
008
181011b xxu||||| |||| 00| 0 eng d
020
_a
9780324650495
041
_a
eng
080
_a
341
100
_a
13
101
_a
SHJ
245
_a
Legal Environment
_c
Samuelson, B
942
_2
udc
_c
BK
999
_c
49397
_d
49397